000 00444nam a2200205Ia 4500
001 11932
003 GE_BSU
008 181216s||||||||xx |||||||||||||| ||und||
020 _a9780340833865
040 _cGE_BSU
080 _a821.111-312.4
100 _aDeaver,Jeffery
245 4 _aThe Sleeping Doll.
260 _aLondon
260 _bHodder.
260 _c2007.
300 _a600p;18cm.
653 _aThe Sleeping Doll.
942 _cBK
999 _c45109
_d45109